Guess the Country by their Domain Name #3 - Statistics

General Stats
  • This quiz has been taken 83 times
  • The average score is 13 of 24
Answer Stats
Domain Country % Correct
.fj Fiji
91%
.ug Uganda
91%
.fi Finland
88%
.nl Netherlands
85%
.mx Mexico
79%
.bg Bulgaria
74%
.co Colombia
71%
.bb Barbados
59%
.dm Dominica
59%
.id Indonesia
59%
.lu Luxembourg
56%
.mk North Macedonia
50%
.ad Andorra
47%
.bf Burkina Faso
47%
.gn Guinea
47%
.pg Papua New Guinea
47%
.tm Turkmenistan
47%
.gt Guatemala
44%
.ag Angola
38%
.bd Bangladesh
38%
.km Comoros
24%
.lc Saint Lucia
24%
.si Slovakia
18%
.du Dominican Republic
15%
No matching quizzes found
Score Distribution
Percent of People with Each Score
Percentile by Number Answered
Your Score History
You have not taken this quiz